Normal view
MARC view
- Kachroo, Pushkin
Entry Personal Name
001 - CONTROL NUMBER
- control field: 38697
003 - CONTROL NUMBER IDENTIFIER
- control field: NUST
005 - DATE AND TIME OF LATEST TRANSACTION
- control field: 20210314131136.0
008 - FIXED-LENGTH DATA ELEMENTS
- fixed length control field: 210314|| aca||aabn | a|a d
040 ## - CATALOGING SOURCE
- Original cataloging agency: NUST
- Transcribing agency: NUST
100 ## - HEADING--PERSONAL NAME
- Personal name: Kachroo, Pushkin
670 ## - SOURCE DATA FOUND
- Source citation: Work cat.: (NUST): Ozbay, Kaan, 38694, Incident management in intelligent transportation systems /, c1999.
